00381pab a2200145 454500008004000000100002500040245003800065260000900103300001300112362001000125650001300135650002800148700002500176773003400201180718b2009 xxu||||| |||| 00| 0 eng d aRamachandran, Vimala aAttend to primary schoolteachers! c2009 ap.17-20. a1 Aug aTeachers aPrimary school teachers aBhattacharjea, Suman aEconomic and Political Weekly